Szakemberek a szegedi járásban
Elmentve itt :
| Szerző: | |
|---|---|
| Dokumentumtípus: | Cikk |
| Megjelent: |
1965-05-18
|
| Sorozat: | Délmagyarország
55 No. 115 |
| Kulcsszavak: | Termelőszövetkezetek Szeged 1965, mezőgazdasági termelőszövetkezetek |
| Online Access: | http://dmarchiv.bibl.u-szeged.hu/68427 |
| LEADER | 00506nab a2200157 i 4500 | ||
|---|---|---|---|
| 001 | delm68427 | ||
| 005 | 20180927153736.0 | ||
| 008 | 180927s1965 hu o 0|| hun d | ||
| 040 | |a SZTE Délmagyarország Archívum |b hun | ||
| 041 | |a hun | ||
| 100 | 1 | |a Simon Lajos | |
| 245 | 1 | 0 | |a Szakemberek a szegedi járásban |h [elektronikus dokumentum] / |c Simon Lajos |
| 260 | |c 1965-05-18 | ||
| 300 | |a 3 | ||
| 490 | 0 | |a Délmagyarország |v 55 No. 115 | |
| 695 | |a Termelőszövetkezetek Szeged 1965, mezőgazdasági termelőszövetkezetek | ||